[Event "South America-ch U10 16th"]
[Site "Buenos Aires"]
[Date "2019.12.03"]
[Round "4.2"]
[White "Ramirez Mori, Angel Farid"]
[Black "Varela, Agustin"]
[Result "1/2-1/2"]
[WhiteElo "1172"]
[BlackElo "1485"]
[PlyCount "45"]
[EventDate "2019.12.01"]
[EventType "swiss"]
[EventRounds "9"]
[EventCountry "ARG"]
[SourceTitle "EXT 2024"]
[Source "ChessBase"]
[SourceDate "2023.10.10"]
[SourceVersion "1"]
[SourceVersionDate "2023.10.10"]
[SourceQuality "1"]

1. e4 c5 2. Nf3 Nc6 3. d4 cxd4 4. Nxd4 e5 5. Nb5 a6 6. Nd6+ Bxd6 7. Qxd6 Qf6 8. Qxf6 Nxf6 9. Nc3 Nb4 10. Bd3 d6 11. Be3 Be6 12. 0-0-0 Ke7 13. Bb6 Rac8 14. a3 Na2+ 15. Nxa2 Bxa2 16. Kd2 Bc4 17. f3 Bxd3 18. cxd3 Rc6 19. Ba5 Rhc8 20. Bc3 Nd7 21. Ke3 Nb6 22. Rc1 Na4 23. Kd2 1/2-1/2

[Event "South America-ch U10 16th"]
[Site "Buenos Aires"]
[Date "2019.12.01"]
[Round "1.3"]
[White "Varela, Agustin"]
[Black "Rojas, Maximo Lucas"]
[Result "1-0"]
[WhiteElo "1485"]
[BlackElo "1168"]
[PlyCount "73"]
[EventDate "2019.12.01"]
[EventType "swiss"]
[EventRounds "9"]
[EventCountry "ARG"]
[SourceTitle "EXT 2024"]
[Source "ChessBase"]
[SourceDate "2023.10.10"]
[SourceVersion "1"]
[SourceVersionDate "2023.10.10"]
[SourceQuality "1"]

1. e4 c5 2. Nf3 e6 3. d4 cxd4 4. Nxd4 a6 5. Be3 Qc7 6. Bd3 b5 7. a3 Bb7 8. Nc3 Nf6 9. 0-0 Be7 10. Re1 d6 11. f3 Nbd7 12. Qd2 h5 13. Rad1 Rc8 14. Bf1 Qb8 15. Bf2 Bd8 16. Nb3 Bc7 17. Bg3 Qa7+ 18. Kh1 Qb6 19. Bxd6 Bb8 20. Bxb8 Rxb8 21. e5 Nh7 22. Qxd7+ Kf8 23. Qd6+ Qxd6 24. exd6 Rd8 25. Re5 Nf6 26. Rc5 Ke8 27. Rc7 Ba8 28. Nc5 Nd5 29. Nxd5 Bxd5 30. Nb7 Bxb7 31. Re7+ Kf8 32. Rxb7 g5 33. a4 bxa4 34. c4 Kg7 35. c5 Kf6 36. c6 e5 37. c7 1-0

[Event "ARG-ch U10"]
[Site "Buenos Aires"]
[Date "2019.03.04"]
[Round "8.1"]
[White "Fiorito, Francisco"]
[Black "Varela, Agustin"]
[Result "1/2-1/2"]
[WhiteElo "1588"]
[BlackElo "1384"]
[PlyCount "75"]
[EventDate "2019.03.01"]
[EventType "swiss"]
[EventRounds "9"]
[EventCountry "ARG"]
[SourceTitle "EXT 2024"]
[Source "ChessBase"]
[SourceDate "2023.10.10"]
[SourceVersion "1"]
[SourceVersionDate "2023.10.10"]
[SourceQuality "1"]

1. e4 e5 2. Nf3 Nc6 3. Nc3 Nf6 4. d4 exd4 5. Nxd4 Be7 6. Nxc6 dxc6 7. Qxd8+ Bxd8 8. Bf4 Be6 9. 0-0-0 Nh5 10. Be3 Be7 11. Be2 Nf6 12. Bf4 Bb4 13. f3 Bxc3 14. bxc3 Rc8 15. Rd2 0-0 16. Kb2 Nd7 17. Be3 Nb6 18. Bxb6 axb6 19. Rhd1 b5 20. f4 Ra8 21. a3 f5 22. e5 Ra4 23. g3 Rfa8 24. Rd8+ Kf7 25. Rxa8 Rxa8 26. h3 h6 27. g4 Ra4 28. Rf1 g6 29. gxf5 Bxf5 30. Bg4 Ke6 31. Kb3 Re4 32. Bxf5+ Kxf5 33. Rf3 Ke6 34. Kb2 Kf5 35. Kb3 Ra4 36. Kb2 Re4 37. Kb3 Re2 38. Kb2 1/2-1/2

[Event "San Juan Semana U2200 2nd"]
[Site "San Juan"]
[Date "2018.11.03"]
[Round "2.4"]
[White "Ojeda Labayru, Diana"]
[Black "Varela, Agustin"]
[Result "1-0"]
[WhiteElo "1507"]
[BlackElo "1255"]
[PlyCount "117"]
[EventDate "2018.11.02"]
[EventType "swiss"]
[EventRounds "6"]
[EventCountry "ARG"]
[SourceTitle "EXT 2024"]
[Source "ChessBase"]
[SourceDate "2023.10.10"]
[SourceVersion "1"]
[SourceVersionDate "2023.10.10"]
[SourceQuality "1"]

1. e4 e5 2. Nf3 Nc6 3. Bc4 Bc5 4. c3 Nf6 5. d3 h6 6. Nbd2 d6 7. Nf1 Ne7 8. Bb3 Ng6 9. Ng3 0-0 10. 0-0 Be6 11. Bc2 d5 12. Nxe5 Nxe5 13. d4 Bxd4 14. cxd4 Nc6 15. e5 Nd7 16. a3 Nb6 17. Qd3 f5 18. exf6 Qxf6 19. Bd2 Ne7 20. Qh7+ Kf7 21. Nh5 Bf5 22. Nxf6 Bxh7 23. Nxh7 Rh8 24. Rae1 g6 25. Ng5+ hxg5 26. Bxg5 Rae8 27. Bxe7 Rxe7 28. Rxe7+ Kxe7 29. Bxg6 Rh4 30. f4 Nc4 31. g3 Rh6 32. Bd3 Nxb2 33. Bc2 Nc4 34. a4 Kd7 35. Rf2 Ne3 36. Bb1 Kd6 37. Rb2 b6 38. Ba2 Re6 39. Bb3 Nf5 40. Rd2 Re4 41. Kf2 Rxd4 42. Rxd4 Nxd4 43. Ba2 a6 44. h4 b5 45. axb5 axb5 46. h5 Ne6 47. h6 Nf8 48. Bb1 b4 49. h7 Nxh7 50. Bxh7 c5 51. Ke2 d4 52. Kd2 b3 53. g4 Ke6 54. Bf5+ Kf6 55. Bb1 Ke6 56. g5 Kf7 57. g6+ Kg7 58. f5 Kf6 59. Bd3 1-0